cardigan lyrics - Statistics

General Stats
  • This quiz has been taken 344 times
  • The average score is 298 of 339
Answer Stats
Lyrics % Correct
a
99%
A
99%
on
99%
When
99%
when
99%
you
99%
you,
99%
You
99%
are
98%
I
98%
I,
98%
know
98%
nothin'
98%
the
98%
The
98%
they
98%
young,
98%
young
98%
an
97%
And
97%
and
97%
knew
97%
Knew
97%
nothing
97%
But
96%
but
96%
me
96%
under
96%
your
96%
assume
95%
be
95%
cardigan
95%
my
95%
was
95%
like
94%
said
94%
to
94%
To
94%
old
93%
we
93%
favorite
92%
put
92%
someone's
92%
all
91%
bed,
91%
High
91%
in
91%
kiss
91%
Vintage
91%
new
90%
brand
89%
felt
89%
heels
89%
phone
89%
tee,
89%
I'm
86%
scars,
86%
what
86%
around
85%
cobblestone
85%
Levi's,
85%
now
85%
stars
85%
street
85%
dancin'
84%
drew
84%
friend
84%
is
84%
light
84%
one
84%
none
83%
bars
82%
bleedin'
82%
cars
82%
girls,
82%
lose
82%
needed
82%
politics
82%
two
82%
downtown
81%
father,
81%
it
81%
lipstick
81%
water,
81%
better,
80%
Baby,
79%
black
79%
drunk
78%
Peter
78%
Line,
77%
line
77%
Wendy
77%
you'd
77%
You'd
77%
hand
76%
leavin'
76%
losing
76%
Sensual
76%
'Cause
75%
Chase
75%
running
75%
once
74%
tattoo
74%
back
72%
sweatshirt
72%
20
71%
lifetimes,
71%
of
71%
smile,
71%
everything
70%
come
69%
ending,
68%
ifs
68%
long
68%
change
66%
haunt
64%
Sequin
64%
linger
63%
time
63%
smell
62%
standin'
61%
this
61%
for
60%
porch
60%
smoke
60%
heartbeat
59%
longest
59%
Tried
59%
would
59%
front
58%
giving
58%
miss
57%
bloodstain
56%
curse
56%
hang
56%
I'd
56%
playing
56%
grocery
55%
hide
55%
seek,
55%
train,
55%
weekends
55%
Chasin'
54%
expired,
54%
thrill
52%
last
51%
shadows
51%
marked
50%
steppin'
47%
No matching quizzes found
Score Distribution
Percent of People with Each Score
Percentile by Number Answered
Your Score History
You have not taken this quiz